The Deer and The Tiger (Record no. 248183)

MARC details
000 -LEADER
fixed length control field 00308pam a2200133 a 4500
020 ## - INTERNATIONAL STANDARD BOOK NUMBER
Terms of availability
041 ## - LANGUAGE CODE
Language code of original
100 ## - MAIN ENTRY--PERSONAL NAME
Personal name George B. Schaller,
Relator term Author.
245 ## - TITLE STATEMENT
Title The Deer and The Tiger
Medium Textual Documents
250 ## - EDITION STATEMENT
Edition statement 1st.
260 ## - PUBLICATION, DISTRIBUTION, ETC.
Place of publication, distribution, etc. [s.l]:
Name of publisher, distributor, etc. Natraj Publisher Dehar Dun
300 ## - PHYSICAL DESCRIPTION
Extent 370.
930 ## - EQUIVALENCE OR CROSS-REFERENCE-UNIFORM TITLE HEADING [LOCAL, CANADA]
Uniform title 2332
Holdings
Withdrawn status Lost status Damaged status Not for loan Home library Current library Date acquired Source of acquisition Cost, normal purchase price Total Checkouts Full call number Barcode Date last seen Date last checked out Copy number Price effective from Koha item type
        Institute of Environment Education & Research, Pune Institute of Environment Education & Research, Pune 09/12/2016 Natraj Publisher 476.00 2 EVP-1934 04/05/2026 27/03/2026 1 03/04/2023 Book